Kraje wg najmniejszej odległości stolicy od innego kraju - Statystyki

Ogólne statystyki
  • Ten quiz został rozwiązany 39 razy
  • Średni wynik to 12 z 31
Statystyki odpowiedzi
Kontynent Odległość stolicy od innego kraju Kraj % Poprawnych
Europa 0 km Watykan
94%
Europa 1,8 km San Marino
92%
Europa 3,28 km Andora
86%
Europa 6,94 km Luksemburg
86%
Europa 0 km Liechtenstein
78%
Europa 0 km Monako
72%
Azja 0 km Singapur
64%
Europa 0 km Słowacja
64%
Europa 0 km Włochy
53%
Afryka 17,8 m Lesotho
42%
Europa 8,96 km Macedonia
42%
Azja 2,59 km Brunei
39%
Europa 8,77 km Chorwacja
39%
Azja 155m Laos
39%
Afryka 0 km Demokratyczna Republika Konga
31%
Azja 0 km Izrael
31%
Afryka 0 km Togo
31%
Afryka 0 km Kongo
28%
Afryka 4,68 km Benin
25%
Afryka 7,81 km Burundi
22%
Europa 0 km Cypr
22%
Afryka 3,69 km Botswana
19%
Ameryka Płd 680 m Paragwaj
19%
Azja 3,2 km Uzbekistan
19%
Afryka 144 m Czad
17%
Azja 0 km Palestyna
17%
Afryka 132 m Republika Środkowoafrykańska
17%
Azja 8,13 km Turkmenistan
17%
Azja 9,68 km Kirgistan
14%
Azja 0 km Hong Kong
11%
Azja 0 km Makau
11%
Nie znaleziono quizów pasujących do podanych kryteriów
Rozkład punktacji
Procent ludzi z każdym wynikiem
Percentyl według liczby udzielonych odpowiedzi
Twoja historia wyników
Nie rozwiązałeś tego quizu